000 00540nam a2200157Ia 4500
008 210716s2009 xx 000 0 und d
020 _a9788177585636
041 _aeng
082 _a001.42 KRIK
100 _aKrishnaswamy, K N;Sivakumar, Appa Iyer;Mathirajan, M.
245 _aManagement research methodology: integration of principles methods and techniques.
_bIntegration of principles methods and techniques.
250 _a1
260 _aNew Delhi
_bPearson Education
_c2009
300 _axxiii,573
650 _aResearch Methodology
999 _c204796
_d204796